Online
Catalog

Notas del mundo de hoy / (Record no. 10414)

MARC details
000 -CABECERA
campo de control de longitud fija 00604cam a2200205 a 4500
001 - NÚMERO DE CONTROL
campo de control 000010659
005 - FECHA Y HORA DE LA ÚLTIMA TRANSACCIÓN
campo de control 20240508203146.0
008 - DATOS DE LONGITUD FIJA--INFORMACIÓN GENERAL
campo de control de longitud fija 920714s1986 cl a 000 0 spa
040 ## - FUENTE DE LA CATALOGACIÓN
Centro catalogador/agencia de origen DO-SdBNP
Lengua de catalogación spa
Centro/agencia transcriptor BNPHU
082 ## - NÚMERO DE LA CLASIFICACIÓN DECIMAL DEWEY
Número de clasificación 502
Número de documento/Ítem Ó45n
100 1# - ENTRADA PRINCIPAL--NOMBRE DE PERSONA
Nombre de persona Olguín M., Hernán.
9 (RLIN) 25817
245 10 - MENCIÓN DE TÍTULO
Título Notas del mundo de hoy /
Mención de responsabilidad, etc. Hernán Olguín M.
260 ## - PUBLICACIÓN, DISTRIBUCIÓN, ETC.
Lugar de publicación, distribución, etc. [Chile] :
Nombre del editor, distribuidor, etc. Banmedica,
Fecha de publicación, distribución, etc. [1986?].
300 ## - DESCRIPCIÓN FÍSICA
Extensión 150 p. :
Otras características físicas il. ;
Dimensiones 23 cm.
650 #4 - PUNTO DE ACCESO ADICIONAL DE MATERIA--TÉRMINO DE MATERIA
Término de materia o nombre geográfico como elemento de entrada Teoría planetaria
9 (RLIN) 25818
650 #4 - PUNTO DE ACCESO ADICIONAL DE MATERIA--TÉRMINO DE MATERIA
Término de materia o nombre geográfico como elemento de entrada Ciencias
9 (RLIN) 25819
650 #4 - PUNTO DE ACCESO ADICIONAL DE MATERIA--TÉRMINO DE MATERIA
Término de materia o nombre geográfico como elemento de entrada Astrología
9 (RLIN) 25640
650 #4 - PUNTO DE ACCESO ADICIONAL DE MATERIA--TÉRMINO DE MATERIA
Término de materia o nombre geográfico como elemento de entrada Informática médica
9 (RLIN) 25820
650 #0 - PUNTO DE ACCESO ADICIONAL DE MATERIA--TÉRMINO DE MATERIA
Término de materia o nombre geográfico como elemento de entrada Tecnología
9 (RLIN) 25821
Holdings
Estado de retiro Estado de pérdida Restricciones de uso No para préstamo Código de colección Localización permanente Ubicación/localización actual Ubicación en estantería Fecha de adquisición Número de inventario Total de préstamos Signatura topográfica completa Código de barras Fecha visto por última vez Precio válido a partir de Tipo de ítem Koha
    Préstamo interno   Monografías: Libros y Folletos General General En catalogación 08.10.2009 LF1   502 Ó45n 10659-10 25.06.2020 25.06.2020 Préstamo interno

Powered by Koha